[Event "Kimry Summer op"]
[Site "Kimry"]
[Date "2016.06.10"]
[Round "5"]
[White "Ivanevskiy, Alexander"]
[Black "Markov, Rostislav"]
[Result "1-0"]
[WhiteElo "1170"]
[BlackElo "1498"]
[PlyCount "91"]
[EventDate "2016.06.08"]
[EventType "swiss"]
[EventRounds "7"]
[EventCountry "RUS"]
[SourceTitle "CBM 172 Extra"]
[Source "ChessBase"]
[SourceDate "2016.06.21"]
[SourceVersion "1"]
[SourceVersionDate "2016.06.21"]
[SourceQuality "1"]

1. d4 d5 2. e3 Bf5 3. Bd3 Qd7 4. f4 Nf6 5. Nd2 g6 6. b3 Bg7 7. Bb2 Qe6 8. Qe2 Nbd7 9. Ngf3 h6 10. Ne5 Nxe5 11. fxe5 Ne4 12. 0-0 0-0 13. Rf4 g5 14. Rff1 Bg4 15. Qe1 f5 16. h3 Bh5 17. c4 c5 18. cxd5 Qxd5 19. Bc4 Qxc4 20. bxc4 cxd4 21. Nxe4 fxe4 22. Rxf8+ Rxf8 23. exd4 Bg6 24. Qe2 e6 25. Rf1 Rxf1+ 26. Qxf1 b6 27. d5 exd5 28. cxd5 a5 29. d6 Be8 30. Qc4+ Kf8 31. Qxe4 Kf7 32. e6+ Kf8 33. Bxg7+ Kxg7 34. d7 Bg6 35. Qe5+ Kh7 36. d8Q Bf7 37. Qdh8+ Kg6 38. Qeg7+ Kf5 39. Qhh7+ Bg6 40. Qhxg6+ Kf4 41. Q7f6+ Ke3 42. Qf3+ Kd4 43. Qge4+ Kc5 44. Qc3+ Kd6 45. e7 b5 46. Qcc6# 1-0